| 000 | 00802 a2200205 4500 | ||
|---|---|---|---|
| 020 | _a3540219242 | ||
| 020 | _a9783540219248 | ||
| 082 | 0 | 4 | _a530.11 |
| 090 |
_c1605 _d1605 |
||
| 100 | 1 | _aStraumann, Norbert. | |
| 245 | 1 | 0 |
_aGeneral relativity : _bwith applications to astrophysics / _cNorbert Straumann. |
| 250 | _a1st ed. | ||
| 260 |
_a[S.l.] : _bSpringer, _c2004. |
||
| 300 |
_a686 p. ; _c24 cm. |
||
| 490 | 1 | _aTheoretical and mathematical physics. | |
| 830 | 0 | _aTheoretical and mathematical physics. | |
| 942 |
_aSNS _cBK _k530.11 STR |
||
| 999 |
_c30214 _d30214 |
||